| 000 | 00808cam a22002414a 4500 | ||
|---|---|---|---|
| 020 | _a076454876X | ||
| 040 | _cDLC | ||
| 082 | 0 | 0 | _a005 NOV 2002 A006 Or. |
| 100 | 1 | _aHughes, Jeffrey F. | |
| 245 | 1 | 0 | _aNovell's guide to NetWare 6 networks / |
| 246 | 3 | 0 | _aGuide to NetWare 6 networks |
| 250 | _a1st ed. | ||
| 260 |
_aSan Jose : _bNovell Press, _cc2002. |
||
| 300 |
_axxxvi, 1472 p. : _bill. ; _c24 cm. + _e3 CD-ROM (4 3\4 in.) |
||
| 500 | _aIncludes index. | ||
| 650 | 0 | _aOperating systems (Computers) | |
| 650 | 0 | _aComputer networks. | |
| 700 | 1 | _aThomas, Blair W. | |
| 856 | 4 | 2 | _uhttp://www.loc.gov/catdir/bios/wiley045/2001099742.html |
| 856 | 4 | 2 | _uhttp://www.loc.gov/catdir/description/wiley039/2001099742.html |
| 856 | 4 | 1 | _uhttp://www.loc.gov/catdir/toc/wiley023/2001099742.html |
| 942 | _cEK | ||
| 999 |
_c11970 _d11970 |
||